000 00804nam a2200229 i 4500
001 64858
003 ES-MaACL
005 20230906165231.0
007 t|
008 040107s1975 sp ||||1| spa d
100 1 _aForsthoff, Ernst.
_951828
245 1 3 _aEl estado de la sociedad industrial
_b: (el modelo de la República Federal de Alemania) /
_cErnst Forsth ; traducción de Luis López Guerra y Jaime Nicolás Muñiz.
260 _aMadrid :
_bInstituto de Estudios Políticos,
_c1975.
300 _a291 p. ;
_c19 cm.
490 1 _aColección civitas
700 1 _aLópez Guerra, Luis.
_973690
700 1 _aNicolas Muñiz, Jaime.
_985575
830 0 _aColección civitas
_9181171
852 _aES-MaACL
_jA-5691
_bR.94570
852 _aES-MaACL
_jA-9658
_bR.103442
999 _c64858
_d64858